| 000 | 004270000a22001690004500 | ||
|---|---|---|---|
| 003 | MACL | ||
| 005 | 20160128161509.0 | ||
| 008 | 160128b xxu||||| |||| 00| 0 eng d | ||
| 040 |
_aMACL _cmalc |
||
| 041 | _aEnglish | ||
| 082 | _a900/HAY | ||
| 100 |
_aHayes, j H _935017 |
||
| 245 | _aContemporary Eutope Since 1870 | ||
| 260 |
_bSurjeet Publications _c2000 _aNew Delhi |
||
| 650 |
_aHistor _935018 |
||
| 942 |
_cBK _k900/Sur _2ddc |
||
| 999 |
_c32384 _d32384 |
||